[Event "Bundesliga 2015-16"]
[Site "Griesheim GER"]
[Date "2016.03.13"]
[Round "11.7"]
[Board "6"]
[White "Neef, Maximilian"]
[Black "Braun, Arik"]
[Result "1/2-1/2"]
[WhiteTitle "FM"]
[BlackTitle "GM"]
[WhiteElo "2406"]
[BlackElo "2563"]
[WhiteTeam "USV TU Dresden"]
[BlackTeam "SV 1930 Hockenheim"]
[WhiteFideId "24692085"]
[BlackFideId "4663527"]
[EventDate "2015.09.18"]
[EventType "team"]

1. Nf3 d5 2. c4 d4 3. g3 Nc6 4. Bg2 e5 5. O-O Nf6 6. d3 Nd7 7. e3 Be7 8. exd4
exd4 9. Na3 Nc5 10. Nc2 a5 11. Re1 O-O 12. Ne5 Nxe5 13. Rxe5 c6 14. b3 Bd6 15.
Re1 Bf5 16. Bf1 Qf6 17. Ba3 Rfd8 18. Bxc5 Bxc5 19. a3 Bf8 20. Qd2 b5 21. Bg2
bxc4 22. bxc4 Bc5 23. Be4 Bd7 24. Rab1 Qd6 25. a4 Rdb8 26. Rxb8+ Qxb8 27. Qg5
Qd6 28. Bf5 Be8 29. Re4 g6 30. Bh3 f6 31. Qh6 f5 32. Re2 Rb8 33. Ne1 Qc7 34. Nf3
Bf8 35. Qg5 Qd8 36. Qxd8 Rxd8 37. Nxd4 Rxd4 38. Rxe8 Rxd3 39. Ra8 Rd1+ 40. Bf1
Kf7 41. Rxa5 Rd2 42. Ra7+ Kg8 43. Rc7 Bc5 44. Rxc6 Bxf2+ 45. Kh1 Ra2 46. c5 Rxa4
47. Rc8+ Kg7 48. c6 Kh6 49. Kg2 Bb6 50. Rb8 Ra2+ 51. Kh1 Ra1 52. Kg2 Ra2+ 53.
Kh1 1/2-1/2

[Event "Bundesliga 2015-16"]
[Site "Griesheim GER"]
[Date "2016.03.13"]
[Round "11.7"]
[Board "7"]
[White "Rau, Hannes"]
[Black "Wegener, Dirk1"]
[Result "0-1"]
[WhiteTitle "IM"]
[BlackTitle "FM"]
[WhiteElo "2468"]
[BlackElo "2347"]
[WhiteTeam "SV 1930 Hockenheim"]
[BlackTeam "USV TU Dresden"]
[WhiteFideId "4657594"]
[BlackFideId "4612795"]
[EventDate "2015.09.18"]
[EventType "team"]

1. d4 Nf6 2. c4 g6 3. Nc3 Bg7 4. e4 d6 5. Nf3 O-O 6. Be2 e5 7. d5 Ne8 8. Bg5 f6
9. Bh4 h5 10. h3 Bh6 11. Nd2 c5 12. Nf1 Bg5 13. Bg3 Nd7 14. Bh2 Ng7 15. Ne3 f5
16. exf5 Bxe3 17. fxe3 Nxf5 18. Qd3 Qg5 19. Kd2 Nf6 20. Raf1 h4 21. Ne4 Nxe4+
22. Qxe4 Bd7 23. g4 hxg3 24. h4 Qh6 25. Bg1 Ng7 26. Rxf8+ Rxf8 27. Qg2 Nh5 28.
Bxh5 Qxh5 29. Qxg3 Rf1 30. Kc3 Rc1+ 0-1

[Event "Bundesliga 2015-16"]
[Site "Griesheim GER"]
[Date "2016.03.13"]
[Round "11.7"]
[Board "8"]
[White "Vogel, Roven"]
[Black "Boguslawski, Oleg"]
[Result "1/2-1/2"]
[BlackTitle "IM"]
[WhiteElo "2418"]
[BlackElo "2454"]
[WhiteTeam "USV TU Dresden"]
[BlackTeam "SV 1930 Hockenheim"]
[WhiteFideId "12908088"]
[BlackFideId "14113929"]
[EventDate "2015.09.18"]
[EventType "team"]

1. e4 c5 2. Nf3 Nc6 3. Bb5 g6 4. Bxc6 dxc6 5. O-O Bg7 6. d3 Nf6 7. Nc3 Bg4 8. h3
Bxf3 9. Qxf3 e5 10. Qg3 Qe7 11. Qh4 h6 12. a3 a5 13. Be3 Nd7 14. Qxe7+ Kxe7 15.
a4 b6 16. Nb1 f5 17. exf5 gxf5 18. Na3 Rae8 19. Nc4 Kd8 20. Nd6 Ref8 21. g4 fxg4
22. hxg4 Nf6 23. f3 Nd5 24. Bd2 h5 25. Rae1 Kc7 26. Nf5 Bf6 27. Re4 Rfg8 28. Ng3
Bg5 29. Bc3 Nxc3 30. bxc3 Bf4 31. Ne2 hxg4 32. Nxf4 gxf3+ 33. Kf2 exf4 34. Kxf3
Rh3+ 35. Ke2 Rg2+ 36. Kd1 Rhh2 37. Rfxf4 Rg1+ 38. Re1 Rxe1+ 39. Kxe1 Rxc2 40.
Rc4 Kd6 41. Kd1 Ra2 42. Rh4 Rf2 43. Rh6+ Kd5 44. Rh8 b5 45. Rh5+ Kd6 46. axb5
cxb5 47. d4 a4 48. dxc5+ Kc6 49. Kc1 a3 50. Kb1 Rb2+ 51. Kc1 Re2 52. Kb1 Rf2 53.
Rg5 Rd2 54. Rh5 Rb2+ 55. Kc1 Rb3 56. Kc2 Rb2+ 1/2-1/2

[Event "Bundesliga 2015-16"]
[Site "Griesheim GER"]
[Date "2016.03.13"]
[Round "11.8"]
[Board "1"]
[White "Bulski, Krzysztof"]
[Black "Vocaturo, Daniele"]
[Result "1/2-1/2"]
[WhiteTitle "GM"]
[BlackTitle "GM"]
[WhiteElo "2532"]
[BlackElo "2570"]
[WhiteTeam "SV Griesheim 1976"]
[BlackTeam "SF Berlin 1903"]
[WhiteFideId "1121499"]
[BlackFideId "813192"]
[EventDate "2015.09.18"]
[EventType "team"]

1. d4 Nf6 2. c4 g6 3. Nc3 Bg7 4. e4 d6 5. f3 O-O 6. Be3 c5 7. Nge2 Nc6 8. d5 Ne5
9. Ng3 h5 10. Be2 h4 11. Nf1 e6 12. h3 exd5 13. cxd5 b5 14. Nxb5 Rb8 15. Qd2 a6
16. Nc3 Qa5 17. Rc1 Rb4 18. b3 Re8 19. Kf2 Bd7 20. Nh2 1/2-1/2

[Event "Bundesliga 2015-16"]
[Site "Griesheim GER"]
[Date "2016.03.13"]
[Round "11.8"]
[Board "2"]
[White "Kraemer, Martin"]
[Black "Le Roux, Jean-Pierre"]
[Result "1-0"]
[WhiteTitle "GM"]
[BlackTitle "GM"]
[WhiteElo "2574"]
[BlackElo "2572"]
[WhiteTeam "SF Berlin 1903"]
[BlackTeam "SV Griesheim 1976"]
[WhiteFideId "4671910"]
[BlackFideId "609404"]
[EventDate "2015.09.18"]
[EventType "team"]

1. e4 e5 2. Nf3 Nc6 3. Bb5 Nf6 4. O-O Nxe4 5. d4 Nd6 6. Bxc6 dxc6 7. dxe5 Nf5 8.
Qxd8+ Kxd8 9. Nc3 Ke8 10. Rd1 h6 11. h3 Be7 12. g4 Nh4 13. Nxh4 Bxh4 14. Kg2 Be7
15. Be3 h5 16. f3 f5 17. exf6 gxf6 18. Ne2 Kf7 19. Bf4 hxg4 20. fxg4 f5 21. Rf1
Bf6 22. Ng3 Bxb2 23. Rab1 Bf6 24. Bxc7 Be6 25. Nxf5 b6 26. Rbe1 Bxa2 27. Be5
Bd5+ 28. Kg3 Rhf8 29. Nh4 1-0

[Event "Bundesliga 2015-16"]
[Site "Griesheim GER"]
[Date "2016.03.13"]
[Round "11.8"]
[Board "3"]
[White "Tazbir, Marcin"]
[Black "Schneider, Ilja"]
[Result "0-1"]
[WhiteTitle "GM"]
[BlackTitle "IM"]
[WhiteElo "2517"]
[BlackElo "2481"]
[WhiteTeam "SV Griesheim 1976"]
[BlackTeam "SF Berlin 1903"]
[WhiteFideId "1122452"]
[BlackFideId "4663306"]
[EventDate "2015.09.18"]
[EventType "team"]

1. d4 d5 2. c4 c6 3. e3 Bf5 4. Nc3 e6 5. Nf3 Nf6 6. Nh4 Be4 7. f3 Bg6 8. Qb3 Qc7
9. g3 Be7 10. Bd2 a6 11. Rc1 Nbd7 12. cxd5 Nxd5 13. Nxg6 hxg6 14. Kf2 Nxc3 15.
bxc3 c5 16. a4 O-O 17. Be2 Rfc8 18. Rb1 Rab8 19. Rhc1 c4 20. Qc2 b5 21. axb5
axb5 22. f4 Ba3 23. Rd1 b4 24. cxb4 c3 25. Rb3 Bxb4 26. Be1 Ba5 27. Rdb1 Rxb3
28. Rxb3 Nf6 29. Rb5 Rb8 30. Rxb8+ Qxb8 31. Bd3 Qb7 32. Bxc3 Ng4+ 33. Kg1 Bxc3
34. Qxc3 Nxe3 35. Qd2 Qf3 36. Qe2 Qxe2 37. Bxe2 Nf5 38. Kf2 Nxd4 39. Bd3 Kf8 40.
Ke3 Nf5+ 41. Ke4 Ke7 42. Ke5 Ne3 43. Be2 Nd5 44. Bf3 Nb6 45. Kd4 Kd6 46. Be4 Nd5
47. Bc2 Ne7 48. Ba4 Nf5+ 49. Kd3 Nh6 50. Bd1 Kd5 51. Bf3+ Kc5 52. Bd1 Ng8 53.
Ba4 Nf6 54. Bd1 Nh7 55. Ke4 Kd6 56. h4 Nf6+ 57. Kf3 Kd5 58. Ba4 Kd4 59. Bc6 Kc5
60. Ba4 Kd5 61. Bc2 Kd4 62. Ba4 Ne4 63. Be8 Nd6 64. Bd7 Kd3 65. Bc6 f6 66. Kg4
Ke3 67. Bd7 Ne4 68. h5 f5+ 69. Kh4 Kf3 70. Bxe6 Nxg3 71. Kg5 gxh5 72. Bd5+ Ke3
73. Bg2 h4 74. Bh3 Kf3 0-1

[Event "Bundesliga 2015-16"]
[Site "Griesheim GER"]
[Date "2016.03.13"]
[Round "11.8"]
[Board "4"]
[White "Mista, Aleksander"]
[Black "Krassowizkij, Jaroslaw"]
[Result "1-0"]
[WhiteTitle "GM"]
[BlackTitle "IM"]
[WhiteElo "2589"]
[BlackElo "2429"]
[WhiteTeam "SF Berlin 1903"]
[BlackTeam "SV Griesheim 1976"]
[WhiteFideId "1110381"]
[BlackFideId "1271703"]
[EventDate "2015.09.18"]
[EventType "team"]

1. e4 c5 2. Nf3 e6 3. d4 cxd4 4. Nxd4 Nf6 5. Nc3 Nc6 6. g3 d5 7. Bg2 dxe4 8.
Nxc6 Qxd1+ 9. Kxd1 bxc6 10. Nxe4 Nxe4 11. Bxe4 Bb7 12. Be3 O-O-O+ 13. Ke2 c5 14.
Bxb7+ Kxb7 15. Rhd1 Be7 16. Rd3 Rxd3 17. Kxd3 Kc6 18. c3 h5 19. Kc4 h4 20. b4 a6
21. a4 cxb4 22. cxb4 hxg3 23. hxg3 g5 24. Rd1 Rb8 25. Rb1 f5 26. Ba7 Rb7 27. b5+
axb5+ 28. axb5+ Kc7 29. Bd4 Bd6 30. Rh1 e5 31. Bc5 Bxc5 32. Kxc5 Kb8 33. Rh5 f4
34. Rxg5 fxg3 35. fxg3 e4 36. Kd4 Re7 37. Ke3 Re6 38. g4 Kc7 39. Rd5 Kb6 40. g5
Ka5 41. Rf5 Kb4 42. Rf4 Kxb5 43. Rxe4 Rg6 44. Kf4 Kc5 45. Kf5 Rg8 46. g6 Kd5 47.
Re7 Kd6 48. Rf7 Kd5 1-0

[Event "Bundesliga 2015-16"]
[Site "Griesheim GER"]
[Date "2016.03.13"]
[Round "11.8"]
[Board "5"]
[White "Chabanon, Jean-Luc"]
[Black "Piorun, Kacper"]
[Result "0-1"]
[WhiteTitle "GM"]
[BlackTitle "GM"]
[WhiteElo "2472"]
[BlackElo "2591"]
[WhiteTeam "SV Griesheim 1976"]
[BlackTeam "SF Berlin 1903"]
[WhiteFideId "600075"]
[BlackFideId "1130420"]
[EventDate "2015.09.18"]
[EventType "team"]

1. d4 Nf6 2. Nf3 g6 3. c4 Bg7 4. Nc3 O-O 5. e4 c6 6. Bd3 d6 7. h3 Nbd7 8. Be3 e5
9. O-O exd4 10. Bxd4 Re8 11. Re1 a6 12. a4 a5 13. Bf1 Qc7 14. Qc2 b6 15. Rad1
Nc5 16. Rd2 Be6 17. e5 dxe5 18. Bxe5 Qb7 19. Nd4 Nh5 20. Bxg7 Nxg7 21. g3 Bd7
22. Rxe8+ Rxe8 23. Bg2 Qc7 24. Re2 Rxe2 25. Qxe2 Nge6 26. Nf3 f6 27. Nd2 Kg7 28.
f4 Qd6 29. Kh2 Nd4 30. Qf2 Nd3 31. Qe3 Nf5 32. Qxb6 Nxg3 33. Nd5 Nh5 34. Ne4 Qe6
35. Qd4 cxd5 36. cxd5 Qf5 37. Qxd3 Nxf4 38. Qa3 Nxd5 39. Qd6 Qf4+ 40. Qxf4 Nxf4
41. Nc5 Nxg2 42. Nxd7 Ne3 43. Nc5 Nc4 44. b3 Ne5 45. Nb7 Nc6 46. Kg3 f5 0-1

[Event "Bundesliga 2015-16"]
[Site "Griesheim GER"]
[Date "2016.03.13"]
[Round "11.8"]
[Board "6"]
[White "Jakubowski, Krzysztof"]
[Black "Baskin, Robert"]
[Result "1/2-1/2"]
[WhiteTitle "GM"]
[BlackTitle "FM"]
[WhiteElo "2564"]
[BlackElo "2329"]
[WhiteTeam "SF Berlin 1903"]
[BlackTeam "SV Griesheim 1976"]
[WhiteFideId "1112848"]
[BlackFideId "24662402"]
[EventDate "2015.09.18"]
[EventType "team"]

1. e4 e6 2. d4 d5 3. Nc3 Nf6 4. Bg5 dxe4 5. Nxe4 Be7 6. Bxf6 gxf6 7. Qd3 a6 8.
O-O-O f5 9. Nc3 b5 10. Qf3 c6 11. Kb1 Bb7 12. g4 fxg4 13. Qxg4 Nd7 14. Bg2 Nf6
15. Qh3 Qc7 16. Nf3 O-O-O 17. Ne5 Bd6 18. f4 c5 19. Bxb7+ Qxb7 20. d5 Nxd5 21.
Rxd5 Bxe5 22. Rxc5+ Kb8 23. Rf1 Bd4 24. Rh5 Rc8 25. Ne2 Qe4 26. Qd3 Qxd3 27.
cxd3 Bb6 28. f5 Rc5 29. Ng3 Rd8 30. Rxh7 Rxd3 31. Rxf7 exf5 32. R7xf5 Rxf5 33.
Nxf5 Rh3 34. Rf4 Rxh2 35. a4 Rf2 36. Rxf2 Bxf2 37. axb5 axb5 38. Nd6 Bd4 39.
Nxb5 Bxb2 40. Kxb2 1/2-1/2

[Event "Bundesliga 2015-16"]
[Site "Griesheim GER"]
[Date "2016.03.13"]
[Round "11.8"]
[Board "7"]
[White "Walter, Stefan2"]
[Black "Sprenger, Jan Michael"]
[Result "0-1"]
[BlackTitle "IM"]
[WhiteElo "2402"]
[BlackElo "2510"]
[WhiteTeam "SV Griesheim 1976"]
[BlackTeam "SF Berlin 1903"]
[WhiteFideId "4686608"]
[BlackFideId "4646258"]
[EventDate "2015.09.18"]
[EventType "team"]

1. d4 Nf6 2. c4 e6 3. g3 d5 4. Nf3 Bb4+ 5. Bd2 Be7 6. Bg2 O-O 7. O-O c6 8. Qc2
b6 9. Rd1 Ba6 10. b3 Nbd7 11. a4 Rc8 12. Na3 Ne4 13. Be1 Qc7 14. b4 Nd6 15. c5
bxc5 16. bxc5 Ne4 17. Rab1 e5 18. e3 f5 19. Qa2 Rb8 20. Rxb8 Rxb8 21. Rb1 Rxb1
22. Qxb1 Bf6 23. Qb4 exd4 24. exd4 Nf8 25. Nd2 Ne6 26. Nb3 f4 27. f3 N4g5 28. h4
Nf7 29. Bh3 Qe7 30. Bxe6 Qxe6 31. Qd2 Nh6 32. g4 Nxg4 33. fxg4 Qxg4+ 34. Qg2 Qd1
35. Nc2 Bd3 36. Nba1 Bxd4+ 37. Nxd4 Qxe1+ 38. Kh2 Qxh4+ 39. Kg1 Qe1+ 40. Kh2
Qxa1 41. Nxc6 Be4 42. Qg1 Qf6 0-1

[Event "Bundesliga 2015-16"]
[Site "Griesheim GER"]
[Date "2016.03.13"]
[Round "11.8"]
[Board "8"]
[White "Lauber, Arnd"]
[Black "Nothnagel, Holger"]
[Result "1-0"]
[WhiteTitle "IM"]
[BlackTitle "FM"]
[WhiteElo "2437"]
[BlackElo "2314"]
[WhiteTeam "SF Berlin 1903"]
[BlackTeam "SV Griesheim 1976"]
[WhiteFideId "4632630"]
[BlackFideId "4615859"]
[EventDate "2015.09.18"]
[EventType "team"]

1. d4 Nf6 2. c4 c5 3. d5 b5 4. cxb5 a6 5. bxa6 g6 6. Nc3 Bxa6 7. e4 Bxf1 8. Kxf1
d6 9. g3 Bg7 10. Kg2 O-O 11. Nf3 Nbd7 12. a4 Qa5 13. Qc2 Rfb8 14. Ra3 Qb4 15.
Re1 Ng4 16. Nb5 Nge5 17. Nxe5 Bxe5 18. Re2 Nb6 19. b3 c4 20. Be3 Nxd5 21. exd5
Rxb5 22. Qxc4 Qxc4 23. bxc4 Rb4 24. a5 Rxc4 25. a6 Bd4 26. Bxd4 Rxd4 27. a7 Rb4
28. Rxe7 Rb5 29. Rf3 f5 30. Rc3 1-0

[Event "Bundesliga 2015-16"]
[Site "Griesheim GER"]
[Date "2016.04.09"]
[Round "12.2"]
[Board "6"]
[White "Rau, Hannes"]
[Black "Powierski, Emil"]
[Result "1-0"]
[WhiteTitle "IM"]
[WhiteElo "2468"]
[BlackElo "2278"]
[WhiteTeam "SV 1930 Hockenheim"]
[BlackTeam "SK Norderstedt 1975"]
[WhiteFideId "4657594"]
[BlackFideId "4656199"]
[EventDate "2015.09.18"]
[EventType "team"]

1. c4 Nf6 2. Nc3 e6 3. d4 Bb4 4. e3 O-O 5. Bd3 d5 6. cxd5 exd5 7. Ne2 c5 8. a3
Bxc3+ 9. bxc3 Nc6 10. O-O Re8 11. a4 Qa5 12. Ba3 c4 13. Bc2 Bg4 14. f3 Bh5 15.
Qd2 Bg6 16. Bd1 h6 17. Nf4 Bh7 18. h4 Qc7 19. Qf2 Nd8 20. g4 Ne6 21. Nh3 g5 22.
Bc1 Kh8 23. hxg5 hxg5 24. e4 dxe4 25. Nxg5 e3 26. Bxe3 Nd5 27. Qh4 Nxg5 28. Bxg5
Kg8 29. Ra2 Re6 30. Rh2 f6 31. Bd2 Qg7 32. f4 Bd3 33. Bf3 Rd8 34. Re1 Rxe1+ 35.
Qxe1 Nc7 36. Qh4 Re8 37. Qh5 Be4 38. Bxe4 Rxe4 39. Qf5 Re7 40. Rg2 Kf7 41. g5
Qg6 42. Qxg6+ Kxg6 43. f5+ Kxf5 44. Rf2+ Kg4 45. Rf4+ Kg3 46. Rxf6 Ne8 47. Rf2
Rg7 48. Rf8 Re7 49. g6 Kg4 50. Bf4 Kh5 51. d5 Kxg6 52. d6 Nxd6 53. Bxd6 Re1+ 54.
Rf1 Re3 55. Bb4 b6 56. a5 bxa5 57. Bxa5 Re2 58. Rf4 Ra2 59. Bc7 a5 60. Rxc4 Kf6
61. Rc5 a4 62. Ra5 Ke6 63. Bg3 a3 64. Kf1 Kd7 65. Ra6 Kc8 66. Ra7 Kd8 67. Bd6
Ra1+ 68. Kg2 a2 69. Bf4 Kc8 70. Bd2 Kb8 71. Ra3 Kb7 72. Kf2 Kc6 73. Ke2 Kc5 74.
Kd3 Kd5 75. Ra5+ Kc6 76. Kc2 Kb6 77. Ra3 Kb5 78. Bc1 Kc4 79. Bb2 Rh1 80. Ra4+
Kd5 1-0

[Event "Bundesliga 2015-16"]
[Site "Baden Baden GER"]
[Date "2016.04.09"]
[Round "12.3"]
[Board "8"]
[White "Meier, Georg"]
[Black "Wirig, Anthony"]
[Result "1/2-1/2"]
[WhiteTitle "GM"]
[BlackTitle "GM"]
[WhiteElo "2656"]
[BlackElo "2500"]
[WhiteTeam "OSG Baden-Baden"]
[BlackTeam "SK Schwaebisch Hall"]
[WhiteFideId "4675789"]
[BlackFideId "615013"]
[EventDate "2015.09.18"]
[EventType "team"]

1. Nf3 d5 2. g3 Nf6 3. Bg2 c6 4. O-O Bg4 5. h3 Bxf3 6. Bxf3 Nbd7 7. d3 e6 8. Bg2
h5 9. c4 h4 10. cxd5 Nxd5 11. g4 Qc7 12. Nc3 Bd6 13. Bd2 Nf4 14. Bxf4 Bxf4 15.
e3 Bd6 16. d4 Nf6 17. f4 Nd5 18. Qf3 Nxc3 19. bxc3 Be7 20. Rab1 Rc8 21. e4 b6
22. e5 Qd7 23. Rbd1 b5 24. Qe3 g6 25. Be4 Qc7 26. Kh1 Qb6 27. f5 gxf5 28. gxf5
Kd7 29. Bf3 Qa6 30. Bg4 Qxa2 31. Ra1 Qd5+ 32. Bf3 Qc4 33. Be2 Qd5+ 34. Bf3 Qc4
35. Rxa7+ Rc7 36. Rfa1 Rc8 37. f6 Bf8 38. Bh5 Rxa7 39. Rxa7+ Rc7 40. Ra1 Qd5+
41. Kh2 Qb3 42. Ra8 Rc8 43. Ra7+ Rc7 44. Ra8 Rc8 45. Ra7+ Rc7 46. d5 Qxd5 47.
Rxc7+ Kxc7 48. Qa7+ Kc8 49. Qa8+ Kc7 50. Qa7+ 1/2-1/2

[Event "Bundesliga 2015-16"]
[Site "Muelheim GER"]
[Date "2016.04.09"]
[Round "12.5"]
[Board "2"]
[White "Tregubov, Pavel V."]
[Black "Efimenko, Zahar"]
[Result "1-0"]
[WhiteTitle "GM"]
[BlackTitle "GM"]
[WhiteElo "2597"]
[BlackElo "2647"]
[WhiteTeam "SV Muelheim Nord"]
[BlackTeam "SV Werder Bremen"]
[WhiteFideId "4115341"]
[BlackFideId "14107201"]
[EventDate "2015.09.18"]
[EventType "team"]

1. d4 Nf6 2. c4 e6 3. Nc3 Bb4 4. e3 O-O 5. Bd3 d5 6. Ne2 dxc4 7. Bxc4 c5 8. a3
Bxc3+ 9. bxc3 Qc7 10. Ba2 b6 11. O-O Ba6 12. Bb2 Nc6 13. Rc1 Rfd8 14. c4 cxd4
15. exd4 Rac8 16. d5 Ne5 17. Ng3 exd5 18. cxd5 Qb8 19. Rxc8 Rxc8 20. d6 Bxf1 21.
Bxe5 Ba6 22. h3 Nd7 23. Bb2 Rc5 24. Qg4 Qf8 25. Nf5 Rxf5 26. Qxf5 Bc8 27. Bb1 g6
28. Qf4 f6 29. g4 Qf7 30. g5 Qd5 31. gxf6 Kf7 32. Be4 Qb3 33. Qd2 Qxh3 34. Bd5+
Kf8 35. Qe2 1-0

[Event "Bundesliga 2015-16"]
[Site "Dresden GER"]
[Date "2016.04.09"]
[Round "12.8"]
[Board "6"]
[White "Agopov, Mikael"]
[Black "Gonda, Laszlo"]
[Result "1/2-1/2"]
[WhiteTitle "IM"]
[BlackTitle "GM"]
[WhiteElo "2445"]
[BlackElo "2547"]
[WhiteTeam "SF Berlin 1903"]
[BlackTeam "SG Trier"]
[WhiteFideId "501840"]
[BlackFideId "720852"]
[EventDate "2015.09.18"]
[EventType "team"]

1. e4 e5 2. Nf3 Nc6 3. Bb5 a6 4. Ba4 Nge7 5. c3 g6 6. d4 exd4 7. cxd4 b5 8. Bb3
Bg7 9. d5 Na5 10. Bd2 Nxb3 11. axb3 O-O 12. Bc3 c5 13. b4 Qb6 14. bxc5 Qxc5 15.
O-O d6 16. b4 Qb6 17. Qd2 Bd7 18. Bxg7 Kxg7 19. Qb2+ f6 20. Nbd2 Rfc8 21. Ra5
Qc7 22. Rfa1 Qc3 23. Qxc3 Rxc3 24. Rxa6 Rxa6 25. Rxa6 Rc1+ 26. Nf1 Nc8 27. Nd2
f5 28. f3 Kf6 29. Kf2 Ke5 30. Ke2 Rc3 31. h3 h5 32. Ne3 fxe4 33. fxe4 Kf4 34.
Nd1 Rg3 35. Kf2 Rd3 36. Ra2 g5 37. Rc2 g4 38. hxg4 hxg4 39. Nb2 g3+ 40. Kf1 Ra3
41. Nb1 Ra1 42. Rc1 Ra2 43. Rc2 Ra1 44. Rc1 Ra2 1/2-1/2

[Event "Bundesliga 2015-16"]
[Site "Griesheim GER"]
[Date "2016.04.10"]
[Round "13.1"]
[Board "4"]
[White "Lampert, Jonas"]
[Black "Baramidze, David"]
[Result "0-1"]
[WhiteTitle "IM"]
[BlackTitle "GM"]
[WhiteElo "2469"]
[BlackElo "2604"]
[WhiteTeam "Hamburger SK"]
[BlackTeam "SV 1930 Hockenheim"]
[WhiteFideId "1303759"]
[BlackFideId "4667719"]
[EventDate "2015.09.18"]
[EventType "team"]

1. d4 Nf6 2. c4 g6 3. Nc3 d5 4. cxd5 Nxd5 5. Bd2 Bg7 6. e4 Nxc3 7. Bxc3 O-O 8.
Qd2 c5 9. d5 Bxc3 10. bxc3 Nd7 11. c4 Nf6 12. Bd3 e5 13. Ne2 Ne8 14. O-O Nd6 15.
Nc3 Bd7 16. a4 Qe7 17. Qe3 Rac8 18. Rae1 Rfe8 19. Qd2 Qf6 20. Re2 Qg7 21. Qe1
Re7 22. f4 Bg4 23. Re3 exf4 24. Rxf4 Bd7 25. e5 Rce8 26. e6 fxe6 27. Ne4 Nxe4
28. Bxe4 Qd4 29. Rh4 Qf6 30. d6 Rf7 31. Bxb7 Bxa4 32. Bf3 Rd7 33. Ra3 Bc2 34.
Rc3 Ba4 35. Ra3 Bc2 36. Rc3 g5 37. Rh5 Bg6 38. Bc6 Qd4+ 39. Re3 Rb8 40. Rxg5
Rxd6 41. Be4 Rb3 42. Rg3 Rxe3 43. Qxe3 Qd1+ 0-1

[Event "Bundesliga 2015-16"]
[Site "Griesheim GER"]
[Date "2016.04.10"]
[Round "13.2"]
[Board "2"]
[White "Trent, Lawrence"]
[Black "Tazbir, Marcin"]
[Result "0-1"]
[WhiteTitle "IM"]
[BlackTitle "GM"]
[WhiteElo "2452"]
[BlackElo "2517"]
[WhiteTeam "SK Norderstedt 1975"]
[BlackTeam "SV Griesheim 1976"]
[WhiteFideId "408638"]
[BlackFideId "1122452"]
[EventDate "2015.09.18"]
[EventType "team"]

1. e4 c5 2. Nf3 d6 3. Bb5+ Nd7 4. c3 Nf6 5. Qe2 a6 6. Ba4 b5 7. Bc2 e5 8. O-O
Be7 9. d4 O-O 10. Bg5 h6 11. Bh4 Nh5 12. Bxe7 Qxe7 13. g3 g6 14. Nbd2 Nb6 15.
Qe3 Kg7 16. dxc5 dxc5 17. b4 Bh3 18. Qxc5 Qxc5 19. bxc5 Bxf1 20. cxb6 Bh3 21. a4
Rab8 22. a5 Rbc8 23. c4 bxc4 24. Nxe5 Be6 25. Rb1 Rc5 26. f4 Rd8 27. Ndf3 Nf6
28. b7 Rb8 29. Nd4 Rc7 30. Rb6 Rbxb7 31. Rxa6 Bc8 32. Rd6 Rb2 33. Rb6 c3 34. a6
Rxb6 0-1

[Event "Bundesliga 2015-16"]
[Site "Dresden GER"]
[Date "2016.04.23"]
[Round "14.2"]
[Board "2"]
[White "Kraemer, Martin"]
[Black "Bekker-Jensen, Simon"]
[Result "1/2-1/2"]
[WhiteTitle "GM"]
[BlackTitle "IM"]
[WhiteElo "2574"]
[BlackElo "2438"]
[WhiteTeam "SF Berlin 1903"]
[BlackTeam "SK Norderstedt 1975"]
[WhiteFideId "4671910"]
[BlackFideId "1403613"]
[EventDate "2015.09.18"]
[EventType "team"]

1. e4 c5 2. Nf3 d6 3. d4 Nf6 4. Nc3 cxd4 5. Nxd4 a6 6. Be3 e5 7. Nb3 Be6 8. f3
Be7 9. Qd2 O-O 10. O-O-O a5 11. a4 Na6 12. g4 Nb4 13. Kb1 d5 14. g5 Nxe4 15.
fxe4 d4 16. Nxd4 exd4 17. Bxd4 Bxg5 18. Qg2 Bf6 19. e5 Be7 20. Rg1 g6 21. Qxb7
Rb8 22. Qf3 Qc8 23. Bb5 Bf5 24. Rg2 Qe6 25. Rf1 Kh8 26. Qe3 Rfd8 27. Rxf5 Qxf5
28. e6+ f6 29. Rf2 Nd5 30. Bxf6+ Bxf6 31. Rxf5 Nxe3 32. Rxf6 Nf5 33. Rf7 Nd6 34.
Rc7 Rdc8 35. Rxc8+ Rxc8 36. Bd7 Rc5 37. Nb5 Nf5 38. b4 Rc4 39. c3 axb4 40. Kb2
bxc3+ 41. Nxc3 Kg7 42. Kb3 Rc7 43. Nb5 Rc1 44. a5 Rb1+ 45. Ka2 Rb4 46. Ka3 Rb1
47. Nc3 Rb8 48. Nb5 Kf6 49. a6 Ra8 50. a7 Ng7 51. Kb4 Nxe6 52. Bc6 Rxa7 53. Nxa7
Ke5 54. Kc3 Kf4 55. Kd2 Nd4 56. Ke1 g5 57. Kf1 h5 58. Bb7 g4 59. Nc8 Nf5 60. Nb6
Ne3+ 61. Kg1 h4 62. Nd7 Nf5 63. Nf6 Nd4 64. Bc8 Nf3+ 65. Kh1 Ne5 66. Kg2 Kg5 67.
Nd5 Nd3 68. Kf1 Ne5 69. Ba6 Kf5 70. Kg2 Ke4 71. Bb7 Kf5 72. Bc8+ Kg5 73. Kh1 Nf3
74. Ne3 Ne5 75. Kg1 Kf4 76. Nd5+ Ke4 77. Ne7 Kf4 78. Bb7 Kg5 79. Be4 Kf4 80. Bd5
Kg5 81. Bb7 Kf6 82. Nd5+ Kg5 83. Nc3 Kf4 84. Kg2 Nc4 85. Ne2+ Kg5 86. Be4 Nd6
87. Bd3 Nf7 88. Kf1 Kf6 89. Nf4 Kg5 90. Nd5 Ne5 91. Be4 Nd7 92. Bd3 Nf6 93. Ne3
Kf4 94. Ke2 Kg5 95. Kd2 Kf4 96. Ke2 Kg5 97. Bc2 Nh5 98. Bf5 Nf6 99. Be6 Kf4 100.
Ng2+ Kg5 1/2-1/2

[Event "Bundesliga 2015-16"]
[Site "Bremen GER"]
[Date "2016.04.23"]
[Round "14.6"]
[Board "7"]
[White "Brueggemann, Joachim"]
[Black "Zumsande, Martin"]
[Result "0-1"]
[WhiteTitle "IM"]
[BlackTitle "IM"]
[WhiteElo "2309"]
[BlackElo "2422"]
[WhiteTeam "Erfurter SK"]
[BlackTeam "SK Turm Emsdetten"]
[WhiteFideId "4611861"]
[BlackFideId "4651324"]
[EventDate "2015.09.18"]
[EventType "team"]

1. e4 e6 2. d4 d5 3. Nc3 Nf6 4. Bg5 Bb4 5. e5 h6 6. Bc1 Ne4 7. Qg4 g6 8. Ne2 c5
9. a3 Bxc3+ 10. Nxc3 Qa5 11. b4 cxb4 12. Nxe4 dxe4 13. Qxe4 Nc6 14. Bc4 bxa3+
15. Bd2 Qa4 16. Qd3 Nb4 17. Bxb4 Qxb4+ 18. Ke2 O-O 19. Rhb1 Qe7 20. Qxa3 Qh4 21.
Qe3 Bd7 22. g3 Qg4+ 23. Kd2 Bc6 24. Bd3 Rfd8 25. c3 Qh3 26. f3 a5 27. Bf1 Qh5
28. Be2 b5 29. h4 b4 30. Rh1 g5 31. hxg5 Qxg5 32. f4 Qg7 33. Rh4 bxc3+ 34. Qxc3
Be4 35. Rg4 Bg6 36. Rxa5 Rxa5 37. Qxa5 Rxd4+ 38. Ke1 Qf8 39. Rh4 Qc8 40. f5 Rxh4
41. gxh4 Qc1+ 42. Kf2 Qf4+ 43. Kg2 Bxf5 0-1